Estatísticas para Taylor Swift quiz

Clique aqui para jogar o quiz

Estatísticas Gerais

  • Esse quiz foi jogado 295 vezes
  • A pontuação média é 23 de 37

Estatísticas das Respostas

HintResposta% Correto
Qual é o número da sorte de Taylor?13
100%
Qual o animal símbolo do álbum "Reputation"?Cobra
96%
Quantos álbuns Taylor possui, incluíndo os "taylor's versions"14
92%
1989
86%
Betty
85%
Como se chamam os álbuns que ganharam o Grammy de "Álbum do Ano"?Fearless
85%
Em que ano foi lançado o primeiro álbum de estúdio de Taylor?2006
82%
Durante qual música da "The Eras Tour" Taylor entrega um chapéu a um fã?22
82%
Folklore
82%
Fãs teorizaram que a música "Bad Blood" seria uma indireta para uma artista. Qual?Katy Perry
76%
Quais os nomes dos personagens principais do triângulo amoroso de folklore?James
75%
Augustine
74%
Harry Styles
74%
O acrônimo IKYWT se refere à qual música?I knew you were trouble
71%
Quais os nomes dos ex-namorados de Taylor que acabaram virando música?John Mayer
66%
Em que estado ela nasceu?Pensilvânia
65%
Com qual música Taylor iniciava a "Reputation Stadium Tour"?...Ready for it?
65%
A música que possui o verso: "My pain fits in the palm of your freezing hand" está em qual álbum?Evermore
64%
Meredith
61%
Taylor Lautner
60%
Qual o nome da série do "Prime Video" que ficou conhecida por ter muitas músicas da Taylor em seu decorrer"O verão que mudou minha vida
59%
Joe Jonas
58%
Quais os nomes dos gatos de Taylor?Olivia
56%
Joe Alwyn
52%
Qual o nome da turnê do álbum "Lover" que foi cancelada por causa da pandemia?Lover fest
52%
Tom Hiddleston
52%
Um vídeo da composição de uma música com Jack Antonoff viralizou nas redes sociais e se tornou um símbolo para diversos fãs. Que música é essa?Getaway car
51%
Qual a 2ª música do álbum "fearless"?Fifteen
50%
Benjamin
49%
Complete a letra: "I once believed love would be _______ ___ / But it's golden"burning red
46%
Calvin Harris
45%
Jake Gyllenhaal
45%
Qual a segunda música mais longa de Taylor?Dear John
37%
Em qual música é possível escutar o verso, traduzido para o português: "E como o sangue se juntou em minhas bochechas"Maroon
37%
Qual a 13ª faixa do 9º álbum de estúdio de Taylor?Marjorie
33%
Qual o nome da cidade em que o "Speak Now Taylor's Version" foi anunciado?Nashville
30%
Qual o horário mencionado na música "Last Kiss"?1:58
27%

Distribuição das Pontuações

Percentil de Números Respondidos

Porcentagem de Pessoas com Cada Pontuação

Sua Pontuação Histórica

Você não jogou esse quiz